| Registos Bibliográficos associados ao registo de autoridade |
|
Etiqueta de registo: 00655cam 02200229 04500 001 689 003 http://id.bnportugal.gov.pt/bib/catbnp/689 005 19981110173100.0 095 ## $aPTBN00000702 100 ## $a19800501d1980 m y0pora0103 ba 101 0# $apor 102 ## $aPT 200 1# $aCartas de Santa Catarina de Sena$fpref. e trad. Lita Scarlatti 210 #9 $aLisboa$cAster,$d1980 215 ## $a325, [2] p.$cil.$d23 cm 225 2# $aUniversidade Nova 675 ## $a244-053.4$vmed$zpor$3288001 700 #0 $aCatarina de Siena,$cSanta,$f1347-1380$343632 702 #1 $aScarlatti,$bLita,$cpseud.$4080$4730$377740 801 #0 $aPT$bBN$gRPC 966 ## $lBN$mFGMON$sR. 14443 V. 998 ## $aFSE02 - 00073
Etiqueta de registo: 00230nam 2200025 450 001 1697132 003 http://id.bnportugal.gov.pt/bib/catbnp/1697132 100 ## $a20081203d1931 k y0pory010305 ba 101 1# $ager$cita 102 ## $aDE 105 ## $ac z 000ey 106 ## $ar 200 1# $a Die Briefe der Heiligen Catarina von Siena$fausgew., eingel. und Deustsch hrsg. von Annette Kolb 210 #9 $aLeipzig$cJulius Zeitler,$d1906 215 ## $a206, [3] p.$cretr.$d21 cm 304 ## $aTit. orig.: "Lettere" 675 ## $a821.131.1$vBN$zpor$31169006 700 #0 $aCatarina de Siena,$cSanta,$f1347-1380$343632 702 #1 $aKolb,$bAnnette,$f1870-1967$4730$3135174 801 #0 $aPT$bBN$gRPC 966 ## $lBN$mFGMON$pDoação Sibylle Blei (2ª parte)$sS.H. 563 $x3 995 ## $aSBSH $d20101129$ircaroli 997 ## $aBIBEOD
Etiqueta de registo: 00592cam 22002051 450 001 405636 003 http://id.bnportugal.gov.pt/bib/catbnp/405636 005 19990716140000.0 095 ## $aPTBN00433945 100 ## $a19920515d1562 k y0pory0103 ba 101 0# $aita 102 ## $aIT 106 ## $ar 200 1# $aLettere devotissime 210 #9 $aVenetia$cnella contrada di Santa Maria Formosa al segno della Speranza,$d1562 215 ## $d4º 321 1# $aAdams C 1107 321 1# $aBM (STC. It.) 159 620 ## $dVeneza 700 #0 $aCatarina de Siena,$cSanta,$f1347-1380$343632 702 #0 $aTeotónio$cde Bragança,$f1530-1602$4390$357851 712 02 $aSegno della Speranza$e(Veneza)$4610$3532086 712 02 $aOrdem da Cartuxa.$bConvento de Santa Maria de Scala Coeli$c(Évora)$4390$359953 801 #0 $aPT$bBN$gRPC 966 ## $lBN$mFGMON$sR. 2713 V. 997 ## $aBIBEOD 998 ## $aCR915-125
Etiqueta de registo: 01932cam 02200529 04500 001 321027 003 http://id.bnportugal.gov.pt/bib/catbnp/321027 005 20001127134500.0 095 ## $aPTBN00337102 100 ## $a19000001d1500 k y0pora0103 ba 101 0# $alat 102 ## $aIT 105 ## $ay z 000yy 106 ## $ar 200 1# $aEpistole ;$aOrazioni scelte$f[ed.] Bartolommeo de Alzano 210 #9 $aVenezia$cAldo Manuzio,$d15 [i.e. 19] Setembro 1500 215 ## $a[10], i-ccccxiiii [i.e. ccccxi], [1] f.$cil.$d2º (29 cm) 306 ## $aData no colofão: XV Septembrio 306 ## $aData na carta dedicatória: xix Sept. 307 ## $aAssin.: *(//A5)//10, a-y//8, A-G//8, H//10, I-N//8, O//10, P-Z//8, AA-FF//8 307 ## $aGravura com a legenda: "SANCTA CATHARINA DE SENIS" 307 ## $aCapitais gravadas 316 ## $aNotas marginais manuscritas$5PTBN: INC. 1123 321 1# $aHCR 4688 321 1# $aGW 6222 321 1# $aPell 3388 321 1# $aPolain 1030 321 1# $aIGI 2587 321 1# $aGoff C-281 321 1# $aBMC V 562 (IB 24504) 321 1# $aCIBN Lisboa 371 321 1# $aIBPORT 488 321 1# $aISTC ic00281000 517 1# $aOrazioni scelte 620 ## $dVeneza 700 #0 $aCatarina de Siena,$cSanta,$f1347-1380$343632 702 #1 $aAlzano,$bBartolommeo de$4340$3471485 702 #1 $aManuzio,$bAldo,$co jovem,$f1567-1595$4610$361447 801 #0 $aPT$bBN$gRPC 856 40 $uhttps://purl.pt/31533 856 41 $uhttps://purl.pt/31533/service/media/cover/low 856 49 $uhttps://purl.pt/31533/service/media/pdf$qapplication/pdf 958 ## $aBND$bLivre$cDigitalizado$d1$ehttps://purl.pt/31533/service/media/cover/max 966 ## $lBN$mRESIMP$sINC. 1123 995 ## $aROL-REL $zBND$d20180729$isoftsara 995 ## $aROL $zBND$d20171115$idfontes 995 ## $aINC $zBND$d20181220$imsantos
Etiqueta de registo: 00502cam 22001811 450 001 129979 003 http://id.bnportugal.gov.pt/bib/catbnp/129979 005 19981121180200.0 095 ## $aPTBN00135607 100 ## $a19580401d1958 em y0pora0103 ba 101 0# $apor 102 ## $aPT 200 1# $aBreve diálogo sobre a máxima perfeição$fSanta Catarina de Sena 210 #9 $aFátima$cVerdade e Vida,$d1958 215 ## $a16 p.$d17 cm 675 ## $a24$vmed$zpor$3288012 700 #0 $aCatarina de Siena,$cSanta,$f1347-1380$343632 801 #0 $aPT$bBN$gRPC 966 ## $lBN$mFGMON$sR. 32335 P. 997 ## $aBIBEOD
Etiqueta de registo: 00526cam 2200181 450 001 550682 003 http://id.bnportugal.gov.pt/bib/catbnp/550682 005 19990103000000.0 095 ## $aPTBN00755599 100 ## $a19950725d1952 m y0pory0103 ba 101 1# $apor 102 ## $aPT 105 ## $ay z 000yy 106 ## $ar 200 1# $aCartas$fSanta Catarina de Sena$gtrad. Ferreira de Macedo 210 #9 $aLisboa$c[s.n.],$d1952$eLisboa :$gTip. União Gráfica) 215 ## $a163 p.$d17 cm 675 ## $a821.131.1-6"13"$vBN$zpor$31243087 700 #0 $aCatarina de Siena,$cSanta,$f1347-1380$343632 702 #1 $aMacedo,$bFerreira de$4730$3185670 801 #0 $aPT$bBN$gRPC 966 ## $lBN$mFGMON$sL. 40373 P. 966 ## $lBN$mFGMON$pBiblioteca Popular$sL. 97208 P.$x6
Etiqueta de registo: 00632cam 2200205 450 001 1003463 003 http://id.bnportugal.gov.pt/bib/catbnp/1003463 005 19991007000000.0 100 ## $a19991007d1672 k y0pory0103 ba 101 0# $aita 102 ## $aIT 105 ## $ay z 000yy 106 ## $ar 200 1# $a Il viaggio all'Indie Orientali del P. F. Vincenzo Maria$fdi S. Catarina de Siena... 210 #9 $aIn Roma$cnella Stamperia di Filippomaria Mancini,$d1672 215 ## $a[24], 482, [21] p.$cil. 620 ## $dRoma 700 #0 $aCatarina de Siena,$cSanta,$f1347-1380$343632 702 #1 $aMancini,$bFilippo Maria,$ffl. 166--$4610$3131036 801 #0 $aPT$bBN$gRPC 966 ## $lBN$mFGMON$sH.G. 3695 V.$x0 997 ## $aBIBEOD
Etiqueta de registo: 00591nam 22001691i 450 001 1264043 003 http://id.bnportugal.gov.pt/bib/catbnp/1264043 100 ## $a20020606d1928 m y0pory010305 ba 101 0# $aita 102 ## $aIT 200 1# $aLibro della Divina Dottrina$evolgarmente detto Dialogo della Divina Provvidenza$fSanta Catarina do Siena$gA Cura di Matilde Fiorilli 205 ## $aSeconda edizione interamente$frividuta da Santino Caramella 210 #9 $aBari$cGius. Laterza & Figli$d1928 215 ## $a467 p.$d22 cm 700 #0 $aCatarina de Siena,$cSanta,$f1347-1380$343632 801 #0 $aPT$bBN 801 #1 $aFR$bJOUVE 966 ## $lBN$mFGMON$sR. 11216 V.$x0 997 ## $aBIBEOD
Etiqueta de registo: 00575cam 22002051 450 001 405637 003 http://id.bnportugal.gov.pt/bib/catbnp/405637 005 19981231000000.0 095 ## $aPTBN00433946 100 ## $a19920515d1504 k y0pory0103 ba 101 0# $alat 102 ## $aIT 105 ## $ay z 001yy 106 ## $ar 200 1# $aDialogo dela seraphica virgine sancta Catherina da Siena dela diuina prouidentia.
Con la sua canonizatione: & alcuni altri tractati deuoti composti in sua laude 210 #9 $aImpresso in Venetia$cper Lazaro di Soardi,$d1504 215 ## $a[200] f.$cil.$d8º (16 cm) 306 ## $aPé de imprensa retirado do colofão 306 ## $aMarca de impressor na última f. 307 ## $aNa p. de tít. sob o título, illustração xilogravada de S. Catarina 307 ## $aPequena vinheta xilogravada de S. Catarina 316 ## $aAparado$aEncadernação da épca em pergaminho$5PTBN: RES. 5970 P. 317 ## $aPert. manuscrito na p. de tít.: «Coimbra Liureria publica Collegio de JESUS»$5PTBN: RES. 5970 P. 321 1# $aNUC NC 208054 700 #0 $aCatarina de Siena,$cSanta,$f1347-1380$343632 702 #1 $aSoardi,$bLazzaro de,$ffl. 1490-1517$4610$3531932 712 02 $aCompanhia de Jesus.$bColégio de Jesus$c(Coimbra)$4390$3470985 801 #0 $aPT$bBN$gRPC 966 ## $lBN$mRESIMP$nCota ant. R. 1728 P.$sRES. 5970 P. 997 ## $aBIBEOD 998 ## $aCR915-126
Etiqueta de registo: 00254nam 2200025 450 001 2285607 003 http://id.bnportugal.gov.pt/bib/catbnp/2285607 100 ## $a20260430d1601 m y0pory01030103ba 101 0# $alat 102 ## $aDX 105 ## $ay z 000yy 106 ## $ar 200 1# $aD. Catharinae Senensis, Virginis Sanctissimae, Dialogi, in sex tractatus distributi
diuinam planè & admirabilem sententiam ad spiritualis vitae institutionem complexi$eAnte annos CLXXXIII. a D. Raymundo à vineis Capuano Theologo ex Italico in Latinum
conuersi, nunc accuratiùs typis excusi$eadiectae sunt ad finem Orationes quaedam eiusdem Sanctissimae Virginis, ac summa breuis,
& index singulorum capitum 210 #9 $aColoniae Agrippinae$cin officina Birckmannica sumptibus Arnoldi Mylij,$d1601 215 ## $a[16], 640, [18] p.$d8º (15 cm) 307 ## $aAssin.: [cruz]//8, A-Z//8, Aa-Ss//8, T//2 316 ## $aMau estado. - Enc. em pergaminho$5PTBN: R. 1829 P. 321 ## $aBayerische Staatsbibliothek BV001577713 321 ## $aICCU IT\ICCU\PUVE\018745 500 10 $aDialogi 620 ## $dColónia 700 #0 $aCatarina de Siena,$cSanta,$f1347-1380$343632 702 #0 $aRaymundus de Vineis,$f1330-1399,$cO.F.M.$4730$377621 702 #1 $aMylius,$bArnold,$cI,$ffl. 1565-1605$4610$31562106 712 02 $aOfficina Birckmanniana,$ffl. 1565-?$4610$31562089 801 #0 $aPT$bBN$gRPC 966 ## $lBN$mFGMON$sR. 1829 P. 971 ## $cpmesqui$d20260430 997 ## $aBIBEOD
Etiqueta de registo: 00524nam 2200157 450 001 1264446 003 http://id.bnportugal.gov.pt/bib/catbnp/1264446 100 ## $a20020801d1698 m y0pory010305 ba 101 1# $aspa$cita 102 ## $aES 105 ## $ay z 000yy 106 ## $ar 200 1# $aRamillete de epístolas, y oraciones celestiales... nacido en el ameno iardin de...
Santa Cathalina de Sena...$fSanta Catarina de Sena$gque mandò traducir a la lengua castellana, de la toscana, ... Fr. Francisco Ximenez
de Cisneros ... Arzobispo de ... Toledo 210 #9 $aBarcelona$cIvan Cassanes y Jaime Svriá,$d1698 215 ## $a[20], 476, [28] p.$din folio (31 cm) 307 ## $aAssin.: º//6, ºº//4, A-Z//4, Aa-Zz//4, Aaa-Rrr//4 307 ## $aTexto a 2 colns. 307 ## $aAnterosto 321 1# $aIberian Books C6502 [72182] 620 ## $dBarcelona 700 #0 $aCatarina de Siena,$cSanta,$f1347-1380$343632 702 #1 $aJiménez de Cisneros,$bFrancisco,$f1436?-1517$4730$3984601 702 #1 $aSurià,$bJaume,$ffl. 1692-1742$4610$31378662 801 #0 $aPT$bBN 801 #1 $aFR$bJOUVE 966 ## $lBN$mFGMON$sR. 250 V. $x0 997 ## $aBIBEOD
Etiqueta de registo: 00465nam 22001571i 450 001 1276132 003 http://id.bnportugal.gov.pt/bib/catbnp/1276132 100 ## $a20020801d1668 m y0pory010305 ba 101 1# $apor 102 ## $aES 105 ## $ay z 000yy 106 ## $ar 200 1# $aDialogos de S. Catalina de Sena$ftraduzidos de lengua latina en castellana por... Fr. Lucas Loarte... del Orden de
S. Domingo 210 #9 $aEn Madrid$cpor Andres Garcia de la Iglesia,$d1668 215 ## $a[24], 483, [25] p.$d4º 307 ## $aNa f. de rosto, grav. calcogr. de Santa Catalina 307 ## $aNo f. ¶//2, escudo xilogr. do cardeal D. Pascual de Aragón 307 ## $aTexto impresso a 2 colns. 307 ## $aAssin.: ¶//8, ¶¶//4, A-Z//8, Aa-Gg//8, Hh//4, Ii//8, KK//2 321 1# $aPalau 139372 321 1# $aCCPB CCPB000039000-3 321 1# $aIberian Books C75305 [72181] 532 12 $aDialogos de Santa Catalina de Sena 620 ## $dMadrid 700 #0 $aCatarina de Siena,$cSanta,$f1347-1380$343632 702 #1 $aLoarte,$bLucas$4730$3885357 702 #1 $aGarcia de la Iglesia,$bAndres,$f166--167-$4610$3120611 801 #0 $aPT$bBN 801 #1 $aFR$bJOUVE 856 40 $2Cópia digital disponível em Google Books$uhttps://books.google.pt/books?id=O_HK9FkNq4oC&hl=pt-PT&pg=PP5#v=onepage&q&f=false 966 ## $lBN$mFGMON$sR. 478 P. $x0 997 ## $aBIBEOD
Etiqueta de registo: 00981cam 022003251 04500 001 224081 003 http://id.bnportugal.gov.pt/bib/catbnp/224081 005 20000821111200.0 095 ## $aPTBN00232392 100 ## $a19880519d1512 k y0pora0103 ba 101 1# $aspa$cita 102 ## $aES 105 ## $ay z 000yy 106 ## $ar 200 1# $aObra delas epistolas y oraciones de la bien aventurada Virgen sancta catterina de
sena dela orde[n] delos predicadores $flas quales fueron traduzidas dl toscano en nuestra lengua castellana por mandado del...
Cardenal despaña Arçobispo dela sancta yglesia de Toledo 210 #9 $aAlcala de Henares$cpor Arnao Guillen d'Brocar,$d1512 215 ## $a[23], CCXXIII, [1] f.$d8º (28 cm) 305 ## $aNa p. de tít.: Con privilegio real 306 ## $aPé de imprensa retirado do colofão 307 ## $aTexto a 2 colns. 307 ## $aAssin.: a//8, b-c//6, d//4, A-Z//8, Aa-Oo//8, Pp//6, Qq//8, Rr//10 307 ## $aF. de rosto com escudo xilog. do Cardeal Cisneros 321 1# $aMartín Abad Alcalá de Henares 16 321 1# $aNorton 15 321 1# $aBN-Tip. Esp. XVI 357 321 1# $aIberian Books 52426 [3026] 517 1# $aObra de las epistolas y oraciones 620 ## $dAlcalá de Henares 700 #0 $aCatarina de Siena,$cSanta,$f1347-1380$343632 702 #1 $aJiménez de Cisneros,$bFrancisco,$f1436?-1517$4340$3984601 702 #1 $aGuillén de Brocar,$bArnao,$ffl. 1490-1523$4610$3108711 801 #0 $aPT$bBN$gRPC 856 40 $aCópia digital disponível em Google Books$uhttps://books.google.pt/books?id=wopKfbWKEVUC&printsec=frontcover&hl=pt-PT&source=gbs_ge_summary_r&cad=0#v=onepage&q&f=false 966 ## $lBN$mRESIMP$nAntiga cota: R. 539 P.$sRES. 565 V. 966 ## $lBN$mRESIMP$sRES. 816 A. 966 ## $lBN$mRESIMP$sRES. 858 V. 966 ## $lBN$mRESIMP$sRES. 859 V. 966 ## $lBN$mRESIMP$sRES. 913 V. 966 ## $lBN$mRESIMP$nFalta últ. f. br.$sRES. 3329 V. 966 ## $lBN$mRESIMP$sRES. 3418 V. 998 ## $aCR904 - 00086
Etiqueta de registo: 00000nam 2200025 450 001 2197958 003 http://id.bnportugal.gov.pt/bib/catbnp/2197958 010 ## $a978-972-30-2368-8 021 ## $aPT$b538480/24 100 ## $a20241127d2024 m y0pory01030103ba 101 1# $apor 102 ## $aPT 105 ## $ay z 000zd 106 ## $ar 200 1# $a O diálogo$fSanta Catarina de Sena$gtrad. João Alves Basílio 205 ## $a1ª ed 210 #9 $aApelação$cPaulus,$d2024 215 ## $a407 p.$d21 cm 675 ## $a821.131.1-97"13"$vBN$zpor$31938591 675 ## $a821.131.1-6"13"$vBN$zpor$31243087 675 ## $a272-184$vBN$zpor$31285021 675 ## $a272-29$vBN$zpor$31239225 700 #0 $aCatarina de Siena,$cSanta,$f1347-1380$343632 703 #1 $aBasílio$bJoão Alves,$cFrei$31937034 801 #0 $aPT$bBN$gRPC 856 41 $uhttp://rnod.bnportugal.gov.pt/ImagesBN/winlibimg.aspx?skey=&doc=2197958&img=202130&save=true 900 ## $aBIBNAC$d20241219 966 ## $lBN$mFGMON$sL. 174585 V.$x1 966 ## $lBN$mFGMON$sL. 174585 V.-D$x1 971 ## $ccsilva$d20241127 972 ## $e0$z0$d20241219$viquintas 973 ## $cacosta$d20241213 974 ## $e0$d20241217$vrsimoes
Etiqueta de registo: 00254nam 2200025 450 001 2284033 003 http://id.bnportugal.gov.pt/bib/catbnp/2284033 100 ## $a20260410d1616 m y0pory01030103ba 101 0# $alat 102 ## $aBE 105 ## $ay z 000yy 106 ## $ar 200 1# $aB. Humbertus, Vtus Magist. Generalis Ordinis Praedicatorum, De tribus votis Essentialibus
Religionis, aliisq[ue] virtutibus eis annexis.$cItem S. Vicentius Ferrarius... De vita Spirituali, & breui Methodo peruenie[n]di ad
perfectionem.$cItem Dialogus breuis S. Catharinae Senensis... De acquirenda vera perfectione$ein vsum Nouitiorum & quorumcumque Religiosorum 210 #9 $aAntuerpiae$capud Cornelium Verschuren,$d1616 215 ## $a298, [2] p.$d12º (13 cm) 307 ## $aAssin.: A-M//12, N//6 312 ## $aTít. corrente: Speculum Religiosorum 316 ## $aExemplar em mau estado. - Enc. em pergaminho$5PTBN: R. 1733 P. 317 ## $aPert. manuscrito na f. de guarda anterior: "Da Livraria dos II. Novicos da Cotouia,
e applicado a ella"$5PTBN: R. 1733 P. 321 ## $aSTCV 6701957 321 ## $aUSTC 1004604 321 ## $aBnF FRBNF30628088 327 11 $aCom p. de título próprias: S. Vicentius Ferrarius, Ordinis Praedicatorum, De Vita
Spirituali, & breui methodo perueniendi ad perfectionem. - p. 115-216 ; Dialogus brevis
S. Catharinae Senensis, De acquirenda vera perfectione. - p. 217-298 500 10 $aDe tribus votis essentialibus religionis 515 1# $aSpeculum Religiosorum 517 1# $aDe vita spirituali et brevi methodo perveniendi ad perfectionem 517 1# $aDe acquirenda vera perfectione 620 ## $dAntuérpia 700 #0 $aHumbert$cde Romans,$fca.1200-1277,$cO.P.$3414447 701 #0 $aVicente Ferrer,$cSanto,$f1350-1419,$cO.P.$4070$376516 701 #0 $aCatarina de Siena,$cSanta,$f1347-1380$4070$343632 702 #1 $aVerschueren,$bCornelis,$ffl. 1605-1620$4610$31753531 712 02 $aCompanhia de Jesus.$bCasa do Noviciado de Nossa Senhora da Assunção da Cotovia$c(Lisboa)$4390$31490165 801 #0 $aPT$bBN$gRPC 856 40 $2Cópia digital disponível em Google Books$uhttps://books.google.be/books?id=GR1MAAAAcAAJ&hl=pt-PT&pg=PA1#v=onepage&q&f=false 966 ## $lBN$mFGMON$sR. 1733 P. 971 ## $cpmesqui$d20260410 997 ## $aBIBEOD
Etiqueta de registo: 00254nam 2200025 450 001 2285585 003 http://id.bnportugal.gov.pt/bib/catbnp/2285585 100 ## $a20260430d1583 m y0pory01030103ba 101 0# $alat 102 ## $aDX 105 ## $ay z 000yy 106 ## $ar 200 1# $aDialogi D. Catharinae Senensis Virginis Sanctissimae, in sex tractatus distributi,
diuinam planè & admirabilem sapientiam ad spiritualis vitae institutionem complectentes$eante annos C.LXXXIII. per D. Raymundum a Vineis Capuanum theologum ex Italico sermone
in latinum conuersi; nunc autem denuò & accuratiùs longè & correctiùs typis excusi$eAdiectae sunt sub finem orationes quaedam eiusdem sanctissimae Virginis; vnâ cum summa
breui & indice singulorum capitum 210 #9 $aIngolstadii$cex officina typographica Dauidis Sartorii,$d1583 215 ## $a[8], 331, [13] f. $d8º 307 ## $aAssin.: )(//8, A-Z//8, a-u//8 314 ## $aSegundo bibliogr., a trad. atribuída a Raymundus de Vineis é de Stefano Moconi 316 ## $aExemplar em mau estado$5PTBN: R. 1823 P. 321 ## $aAdams C 1105 321 ## $aICCU IT\ICCU\BVEE\010960 620 ## $dIngolstadt 700 #0 $aCatarina de Siena,$cSanta,$f1347-1380$343632 702 #0 $aRaymundus de Vineis,$f1330-1399,$cO.F.M.$4340$377621 702 #1 $aMaconi,$bStefano,$f1350?-1424$4730$31997400 702 #1 $aSartorius,$bDavid,$f1575-1596$4610$3568233 801 #0 $aPT$bBN$gRPC 856 40 $2Cópia digital disponível em Google Books$uhttps://books.google.pt/books?id=PMjLTunoHb8C&hl=pt-PT&pg=PA1#v=onepage&q&f=false 966 ## $lBN$mFGMON$sR. 1823 P. 971 ## $cpmesqui$d20260430 997 ## $aBIBEOD
|
|
|